00933 2200337 4500001002100000005001500021035002000036007000300056040001700059100001900076245007100095250001200166300002700178020001800205041000800223082001200231084001800243090001900261264004000280336002100320337003000341338002300371650001800394700001800412850001000430008004100440260005400481990002000535990002000555990002000575INLIS00000000000729520260603085216 a0010-0822000269ta aSBPUPADbind0 aT.H. Rampengan1 aPenyakit Infeksi Tropik pada Anak /cT.H. Rampengan; editor, Rusmi a.-ed. 2 axiv, 238 hlm. ;c23 cm a979-448-819-407aind a618.376 a618.376 RAM p a620 RIZ m 19-2 a.--Yogyakarta :bANDI Offset,c2021 2rdacontentateks 2rdamediaatanpa perantara 2rdacarrieravolume 4aPenyakit Anak0 aEditor: Rusmi aPUPAD260603 0  a.--Jakarta :bPenerbit Buku Kedokteran EGC,c2007 a12360/H/KAPD010 a12362/H/KAPD010 a12359/H/KAPD010